Normal view
MARC view
- الهزايمة، محمد عوض ؛ م.مشارك: عصام فارس الحرستاني، مصطفى نجيب
Entry Personal Name
001 - CONTROL NUMBER
- control field: 41077
003 - CONTROL NUMBER IDENTIFIER
- control field: JO-AjAnu
005 - DATE AND TIME OF LATEST TRANSACTION
- control field: 20230606080826.0
008 - FIXED-LENGTH DATA ELEMENTS
- fixed length control field: 230606|| aca||aabn | a|a d
040 ## - CATALOGING SOURCE
- Original cataloging agency: JO-AjAnu
- Transcribing agency: JO-AjAnu
100 ## - HEADING--PERSONAL NAME
- Personal name: الهزايمة، محمد عوض ؛ م.مشارك: عصام فارس الحرستاني، مصطفى نجيب
670 ## - SOURCE DATA FOUND
- Source citation: Work cat.: (JO-AjAnu)21052: الهزايمة، محمد عوض ؛ م.مشارك: عصام فارس الحرستاني، مصطفى نجيب, author, النظم الإسلامية